Tárgyalások a szegedi rendőrségi palota felépítéséről pénteken helyszíni szemlét tart Éliássy főkapitány
Elmentve itt :
| Dokumentumtípus: | Cikk |
|---|---|
| Megjelent: |
1936-11-06
|
| Sorozat: | Délmagyarország
12 No. 262 |
| Kulcsszavak: | Éliássy Sándor, Építészet rendőrségi palota, Szeged |
| Online Access: | http://dmarchiv.bibl.u-szeged.hu/60662 |
| LEADER | 00539nab a2200145 i 4500 | ||
|---|---|---|---|
| 001 | delm60662 | ||
| 005 | 20180927144545.0 | ||
| 008 | 180927s1936 hu o 0|| hun d | ||
| 040 | |a SZTE Délmagyarország Archívum |b hun | ||
| 041 | |a hun | ||
| 245 | 0 | 0 | |a Tárgyalások a szegedi rendőrségi palota felépítéséről |h [elektronikus dokumentum] : |b pénteken helyszíni szemlét tart Éliássy főkapitány |
| 260 | |c 1936-11-06 | ||
| 300 | |a 3 | ||
| 490 | 0 | |a Délmagyarország |v 12 No. 262 | |
| 695 | |a Éliássy Sándor, Építészet rendőrségi palota, Szeged | ||